000 00837nam a2200301Ia 4500
001 AUWbook002016
003 BDCtgAUW
005 20260406155128.0
008 220908s9999 xx 000 0 eng d
020 _a0821365959
040 _aBDCtgAUW
_cBDCtgAUW
050 _aHB74.9.D44S25
100 1 _aBourguignon Francois Editor.
_eEditor
245 0 _aCapacity building in economics education and research.
260 _aWashington :
_bThe World Bank,
_c2007.
300 _a352 pages.
650 0 _aCongresses.
650 0 _aEconomics.
650 0 _aHistory of Economics.
650 0 _aStudy and teaching.
651 0 _aDeveloping countries.
_978713
700 1 _aElkana Yehuda Editor.
_eEditor
700 1 _aPleskovic, Boris, ditor.
_eEditor
887 _a BRAC
_22982
888 _22982
942 _cBK
_00
_2lcc
945 _cBK
999 _c17700
_d17700